The leader in you

Bibliographic Details
Main Author: Carnegie, Dale
Format: Book
Published: New York : Pocket Books , 1993
Subjects:

MARC

LEADER 00000cam a2200000 7i4500
001 0000003772
005 20010131.0
020 |a 0671519980 
040 |a INS 
090 0 0 |a 658.4092   |b CAR 
100 1 |a Carnegie, Dale 
245 1 4 |a The leader in you   |c by Dale Carnegie 
260 |a New York :   |b Pocket Books ,   |c 1993 
300 |a 245p 
650 0 0 |a Leadership 
999 |a 0000006182   |b BOOK   |c Open Shelf   |e Default branch